02395cam a22005174a 4500001001000000003000900010005001700019006001900036007001500055008004100070010001700111020001800128020001500146020003900161020003600200020002700236020002400263035002200287040002300309043001200332050002400344082002100368100004100389245008900430264003300519264001900552300004800571500004300619504006400662505041200726506005001138588004701188650002601235650002801261650003501289650007101324650006901395650005901464650006801523650006901591650005801660655003001718710003101748830003801779856006001817muse33817MdBmJHUP20210127151052.0m o d cr||||||||nn|n070330s2007 ohu o 00 0 eng d z 2007013298 a9780814272145 a0814272142 z9780814210666 (cloth : alk. paper) z081421066X (cloth : alk. paper) z9780814291436 (cd-rom) z0814291430 (cd-rom) a(OCoLC)1228476315 aMdBmJHUPcMdBmJHUP an-us---04aPS366.T73bS72 20070 a810.9/3209222221 aSteadman, Jennifer Bernhardt,d1971-10aTraveling EconomiesbAmerican Women's Travel Writing /cJennifer Bernhardt Steadman. 1bOhio State University Press, 3bProject MUSE,  a1 online resource (viii, 208 p.) : bill. ; a"50, 1957-2007, Ohio State", on cover. aIncludes bibliographical references (p. 189-197) and index.0 aRagged-edge travelers Amy Morris Bradley and Nancy Prince evaluate the economies of travel -- Scolding the nation: the political travel writing of Anne Royall -- Traveling uplift: Mary Ann Shadd Cary creates and connects Black communities -- A "singular spectacle of a female": Frances Wright's traveling figure -- To the summit of equality: a feminist traveler, bloomers, and the antebellum feminist press.0 aOpen AccessfUnrestricted online access2star aDescription based on print version record. 0aTravel in literature. 0aFeminism in literature. 0aWomen travelers in literature. 0aWomen authors, Americany19th centuryxPolitical and social views. 0aWomen travelerszUnited StatesxSocial conditionsy19th century. 0aWomen travelerszUnited StatesxHistoryy19th century. 0aAmerican prose literaturey19th centuryxHistory and criticism. 0aAmerican prose literaturexWomen authorsxHistory and criticism. 0aTravelers' writings, AmericanxHistory and criticism. 7aElectronic books. 2local2 aProject Muse.edistributor 0aBook collections on Project MUSE.40zFull text available: uhttps://muse.jhu.edu/book/27984/